[Event "Kiev Spring op"]
[Site "Kiev"]
[Date "2021.07.15"]
[Round "7"]
[White "Niezhentsev, Kyrylo"]
[Black "Homeniuk, Ivan"]
[Result "1/2-1/2"]
[WhiteElo "1679"]
[BlackElo "1991"]
[PlyCount "102"]
[EventDate "2021.07.10"]
[EventType "swiss"]
[EventRounds "9"]
[EventCountry "UKR"]
[SourceTitle "EXT 2024"]
[Source "ChessBase"]
[SourceDate "2023.10.10"]
[SourceVersion "1"]
[SourceVersionDate "2023.10.10"]
[SourceQuality "1"]

1. c4 Nf6 2. g3 c5 3. Bg2 g6 4. Nf3 Bg7 5. 0-0 0-0 6. d4 cxd4 7. Nxd4 Nc6 8. Nc3 a6 9. e3 Qc7 10. b3 b6 11. Bb2 Bb7 12. Rc1 Nxd4 13. exd4 Bxg2 14. Kxg2 Qb7+ 15. d5 b5 16. Rc2 bxc4 17. bxc4 Rfc8 18. Qd3 d6 19. Ne4 Nd7 20. Bxg7 Kxg7 21. f4 Rc7 22. Qd4+ Kg8 23. h4 Qb6 24. Qd3 Rac8 25. h5 Qb4 26. hxg6 hxg6 27. Nd2 Kg7 28. Qd4+ f6 29. Rb1 Qc5 30. Qe4 Nb6 31. Nb3 Qb4 32. a3 Qa4 33. Nd4 Nxc4 34. Rb4 Ne3+ 35. Kf3 Qxc2 36. Nxc2 Nxc2 37. Ra4 Rc3+ 38. Kf2 Re3 39. Qh1 Rcc3 40. Re4 Rxa3 41. Rxe3 Nxe3 42. Qc1 Ng4+ 43. Kg2 Ra2+ 44. Kg1 f5 45. Qb1 Rd2 46. Qe1 Rxd5 47. Qxe7+ Kh6 48. Qg5+ Kg7 49. Qe7+ Kh6 50. Qg5+ Kg7 51. Qe7+ Kh6 1/2-1/2

[Event "Kiev Shystarev Memorial 1st"]
[Site "Kiev"]
[Date "2020.08.25"]
[Round "1"]
[White "Zubarev, Alexander2222"]
[Black "Homeniuk, Ivan"]
[Result "1-0"]
[WhiteElo "2430"]
[BlackElo "2007"]
[PlyCount "57"]
[EventDate "2020.08.25"]
[EventType "swiss"]
[EventRounds "9"]
[EventCountry "UKR"]
[SourceTitle "EXT 2022"]
[Source "ChessBase"]
[SourceDate "2021.10.06"]
[SourceVersion "1"]
[SourceVersionDate "2021.10.06"]
[SourceQuality "1"]

1. d4 e6 2. c4 Nf6 3. Nf3 b6 4. g3 Bb7 5. Bg2 Be7 6. Nc3 0-0 7. 0-0 d6 8. d5 e5 9. e4 a5 10. Ne1 Na6 11. b3 Nc5 12. Rb1 Bc8 13. a3 Ne8 14. b4 axb4 15. axb4 Na6 16. Nd3 f5 17. f4 exf4 18. Nxf4 Nf6 19. Ne6 Bxe6 20. dxe6 fxe4 21. Nxe4 Nxe4 22. Bxe4 Rb8 23. Rf7 Rxf7 24. exf7+ Kxf7 25. Qd5+ Kf8 26. Bxh7 Bf6 27. Bd2 c6 28. Qg8+ Ke7 29. Re1+ 1-0